Top 10 Smallest U.S. States by Area - Statistics

General Stats
  • This quiz has been taken 177,100 times
    153,399 since last reset
  • The average score is 9 of 10
Answer Stats
Sq. Miles State % Correct
1,545 Rhode Island
97%
9,616 Vermont
91%
2,489 Delaware
89%
9,349 New Hampshire
89%
5,543 Connecticut
87%
8,723 New Jersey
86%
12,406 Maryland
85%
10,554 Massachusetts
83%
10,932 Hawaii
80%
24,230 West Virginia
66%
No matching quizzes found
Score Distribution
Percent of People with Each Score
Percentile by Number Answered
Your Score History
You have not taken this quiz since the last reset